| 000 | 00554nam a22002057b 4500 | ||
|---|---|---|---|
| 003 | 3228 | ||
| 005 | 20260420134440.0 | ||
| 008 | 260420b sa ||||e |||| 00| 1 AFR d | ||
| 020 | _a9781776359042 (softback) | ||
| 020 | _a9780637004381 (ePub) | ||
| 040 |
_aMPL _beng _c3228 _erda |
||
| 041 | _aAfrikaans | ||
| 082 | 0 | _aAF WENH | |
| 100 |
_9199189 _aWenhold, Mariette _eauthor |
||
| 245 |
_aBosnimf / _cAuthor: Mariëtte Wenhold |
||
| 250 | _aFirst edition | ||
| 260 |
_aMidrand _bRomanza _c© 2023 |
||
| 300 |
_a189 pages : _c18 cm |
||
| 942 |
_2ddc _cBK _w245 _xIzakina Blanche _y245 _zIzakina Blanche |
||
| 999 |
_c796873 _d796872 |
||